00441nam a2200169Ia 4500008004100000020001800041041000800059082002100067100001800088245003700106260004900143300000800192365001200200650002600212650001500238700001800253140306s9999 xx 000 0 und d a81 7018 745 1 aeng a380 .141bTAL/MA aBhowmick, B C aMarketing of perishable products aNew DelhibB R Publishing Corporationc 1993 a285 bRs .250 aAgriculture marketing amanagement aTalukdar, K C